| 000 | 01288nam a22003497a 4500 | ||
|---|---|---|---|
| 003 | CHAP | ||
| 005 | 20220329140703.0 | ||
| 008 | 971013s1993 r 00010 d | ||
| 010 | _a56066 | ||
| 011 | _a57038 | ||
| 035 | _a61191 | ||
| 040 | _cCHAP | ||
| 082 |
_a635.65098 _bB5 |
||
| 100 | 0 | 0 |
_aBliss, F. A. _eed. _913174 |
| 245 |
_aEnhancement of biological nitrogen fixation of common bean in Latin America _b: results from an FAO _c/ IAEA Co-ordinated research programme, 1986-1991 |
||
| 260 |
_aDordrecht : _bKluwer, _c1993 |
||
| 300 |
_a160 p. _b: ilus. ; Gráfs. |
||
| 490 | _aDevelopments in plant and soil sciences v. 52 | ||
| 590 |
_aBATCH-UPD _b10 _c20130110 _lUCH01 _h0249 |
||
| 590 |
_aBATCH-UPD _b10 _c20130110 _lUCH01 _h2154 |
||
| 590 |
_aBATCH-UPD _b10 _c20130409 _lUCH01 _h2319 |
||
| 590 |
_aBATCH-UPD _b10 _c20130410 _lUCH01 _h1502 |
||
| 590 |
_aBATCH-UPD _b10 _c20130914 _lUCH01 _h0645 |
||
| 590 |
_aCONVERSION _b10 _c20130109 _lUCH01 _h1330 |
||
| 650 | 1 | 4 |
_aFrijol _xAmérica Latina. _943324 |
| 650 | 1 | 4 |
_aNitrógeno _xFijación. _981472 |
| 700 | 0 |
_aHardarson, G. _eed. _952629 |
|
| 830 | 0 |
_aDevelopments in plant and soil sciences v. 52 _932291 |
|
| 901 | _aBK | ||
| 942 | _cLIBRO | ||
| 949 |
_a635.65098 B5 _bBC _cLIBRO _d33724000040291 _eLIBRO _gI.180450 _h89864 _i61191 _si _t624.00 |
||
| 999 |
_c56066 _d56066 |
||